[Event "Hum na Sutli op 14th"]
[Site "Hum na Sutli"]
[Date "2022.08.21"]
[Round "3"]
[White "Slobodjanac, Sinisa"]
[Black "Krnic, Ivan"]
[Result "0-1"]
[WhiteElo "1879"]
[BlackElo "1995"]
[PlyCount "96"]
[EventDate "2022.08.20"]
[EventType "swiss"]
[EventRounds "9"]
[EventCountry "CRO"]
[SourceTitle "CBM 210 Extra"]
[Source "ChessBase"]
[SourceDate "2022.11.30"]
[SourceVersion "1"]
[SourceVersionDate "2022.11.30"]
[SourceQuality "1"]

1. b4 e5 2. Bb2 Bxb4 3. Bxe5 Nf6 4. c4 Nc6 5. Bb2 0-0 6. e3 d6 7. Be2 Bf5 8. Nf3 Re8 9. 0-0 d5 10. a3 Bd6 11. cxd5 Nxd5 12. Nc3 Nxc3 13. Bxc3 a6 14. Qb3 Rb8 15. Qb2 Bf8 16. d4 Be4 17. Rfd1 Bd5 18. Nd2 Re6 19. Bf3 Bxf3 20. Nxf3 Qd5 21. Qa2 Rd8 22. Re1 Qh5 23. Qe2 Rh6 24. e4 Nxd4 25. Bxd4 Rxd4 26. h3 Rd7 27. Rad1 Rhd6 28. e5 Rxd1 29. Rxd1 Rxd1+ 30. Qxd1 Qh6 31. Qd5 b5 32. h4 Qe6 33. Qe4 f6 34. Qb7 Bxa3 35. exf6 gxf6 36. Qxc7 Bd6 37. Qd8+ Kg7 38. g3 Be7 39. Qd3 Bc5 40. Kg2 h5 41. Qc2 Qd5 42. Qe2 Ba3 43. Kh3 a5 44. g4 hxg4+ 45. Kxg4 Qc4+ 46. Qxc4 bxc4 47. Nd4 Bc5 48. Nc2 a4 0-1

[Event "Bosnjaci op 25th"]
[Site "Bosnjaci"]
[Date "2020.01.09"]
[Round "9"]
[White "Matanovic, Luka"]
[Black "Slobodjanac, Sinisa"]
[Result "1-0"]
[WhiteElo "2256"]
[BlackElo "1858"]
[PlyCount "61"]
[EventDate "2020.01.03"]
[EventType "swiss"]
[EventRounds "9"]
[EventCountry "CRO"]
[SourceTitle "CBM 194 Extra"]
[Source "ChessBase"]
[SourceDate "2020.03.31"]
[SourceVersion "1"]
[SourceVersionDate "2020.03.31"]
[SourceQuality "1"]

1. e4 b6 2. Nf3 Bb7 3. Nc3 e6 4. d3 d6 5. g3 Be7 6. Bg2 Nf6 7. 0-0 0-0 8. Re1 d5 9. e5 Nfd7 10. h4 a6 11. Bf4 b5 12. h5 b4 13. Ne2 c5 14. c4 f6 15. Qc2 fxe5 16. Nxe5 Nxe5 17. Bxe5 Rf5 18. Nf4 Qd7 19. cxd5 exd5 20. Bh3 Nc6 21. d4 Raf8 22. dxc5 b3 23. Qxb3 Na5 24. Qd3 Bxc5 25. Rac1 Bb4 26. Bxf5 Rxf5 27. Rc7 Rxe5 28. Rxd7 Rxe1+ 29. Kh2 d4 30. Rxb7 Nxb7 31. Qc4+ 1-0

[Event "Bosnjaci op 25th"]
[Site "Bosnjaci"]
[Date "2020.01.03"]
[Round "1"]
[White "Slobodjanac, Sinisa"]
[Black "Jakovljevic, Vlado"]
[Result "1/2-1/2"]
[WhiteElo "1858"]
[BlackElo "2351"]
[PlyCount "99"]
[EventDate "2020.01.03"]
[EventType "swiss"]
[EventRounds "9"]
[EventCountry "CRO"]
[SourceTitle "CBM 194 Extra"]
[Source "ChessBase"]
[SourceDate "2020.03.31"]
[SourceVersion "1"]
[SourceVersionDate "2020.03.31"]
[SourceQuality "1"]

1. b4 e5 2. Bb2 Bxb4 3. Bxe5 Nf6 4. c4 0-0 5. e3 Re8 6. Nf3 d5 7. cxd5 Nxd5 8. Be2 c5 9. 0-0 Nc6 10. Bb2 Bg4 11. a3 Ba5 12. Qa4 Bh5 13. d4 Nf4 14. Bd1 Nd3 15. Ra2 Bg6 16. Bc2 Nxb2 17. Rxb2 Bxc2 18. Rxc2 cxd4 19. Nxd4 Nxd4 20. Qxd4 Qxd4 21. exd4 Rad8 22. Rc4 Bb6 23. Rd1 Re4 24. Nc3 Rexd4 25. Rcxd4 Rxd4 26. Re1 Kf8 27. g3 Ba5 28. Re3 g6 29. Kg2 a6 30. Ne4 h5 31. h4 Bb6 32. Rb3 Rxe4 33. Rxb6 Re7 34. Kf3 Ke8 35. Kf4 Kd8 36. f3 Kc7 37. Rf6 Kd8 38. g4 hxg4 39. fxg4 Ke8 40. h5 gxh5 41. gxh5 Re6 42. Rxe6+ fxe6 43. Ke5 Kf7 44. h6 b5 45. h7 Kg7 46. Kxe6 a5 47. Kd5 b4 48. axb4 axb4 49. Kc4 Kxh7 50. Kxb4 1/2-1/2

[Event "Hum na Sutli op 13th"]
[Site "Hum na Sutli"]
[Date "2019.08.25"]
[Round "3"]
[White "Slobodjanac, Sinisa"]
[Black "Kalajzic, Ivan"]
[Result "1/2-1/2"]
[WhiteElo "1862"]
[BlackElo "2105"]
[PlyCount "190"]
[EventDate "2019.08.24"]
[EventType "swiss"]
[EventRounds "9"]
[EventCountry "CRO"]
[SourceTitle "EXT 2020"]
[Source "ChessBase"]
[SourceDate "2019.10.17"]
[SourceVersion "1"]
[SourceVersionDate "2019.10.17"]
[SourceQuality "1"]

1. b4 c6 2. e3 a5 3. b5 Nf6 4. Bb2 d5 5. c4 Nbd7 6. Nf3 g6 7. cxd5 cxd5 8. Nc3 Nb6 9. d3 Bg7 10. Be2 0-0 11. Na4 Nxa4 12. Qxa4 Bd7 13. Rb1 Rc8 14. 0-0 Ne8 15. Bxg7 Kxg7 16. Qd4+ Nf6 17. a4 Bg4 18. Rbc1 Qd6 19. Qb2 Bxf3 20. Bxf3 b6 21. Rfe1 Kg8 22. Rc2 Rc5 23. Rec1 Rfc8 24. Be2 Nd7 25. d4 R5c7 26. h3 Nf6 27. Bd3 Kg7 28. Rc3 e6 29. R1c2 Ng8 30. Qc1 Rxc3 31. Rxc3 Rxc3 32. Qxc3 Ne7 33. Bc2 Kf8 34. g3 Ke8 35. Kg2 Kd7 36. f3 h5 37. e4 Qb4 38. Qxb4 axb4 39. h4 dxe4 40. fxe4 Kd6 41. Kf3 e5 42. Ke3 f5 43. Bb3 exd4+ 44. Kxd4 fxe4 45. Kxe4 Nf5 46. Kf4 Nd4 47. Bf7 Ne2+ 48. Ke3 Nxg3 49. Bxg6 Ke5 50. Kd3 Kd5 51. Kc2 Kc5 52. Kb3 Ne2 53. Bxh5 Nd4+ 54. Kb2 Nf5 55. Kb3 Nxh4 56. Bg4 Ng6 57. Be6 Nf4 58. Bg8 Ne2 59. Bf7 Nd4+ 60. Kb2 Nf5 61. Kb3 Nd6 62. Bg8 Nb7 63. Bf7 Na5+ 64. Kb2 b3 65. Bxb3 Kb4 66. Bd1 Nb7 67. Bc2 Nc5 68. Bd1 Nxa4+ 69. Bxa4 Kxa4 70. Ka2 Kb4 71. Kb2 Kc4 72. Kc2 Kd4 73. Kb2 Kd5 74. Kb3 Kc5 75. Kc3 Kd5 76. Kd3 Kc5 77. Kc3 Kxb5 78. Kb3 Kc5 79. Kc3 b5 80. Kb3 b4 81. Kb2 Kb6 82. Kb3 Ka5 83. Kb2 Ka4 84. Ka2 Kb5 85. Kb3 Kc5 86. Kb2 Kc4 87. Kc2 Kd4 88. Kb2 Kc5 89. Kb3 Kb5 90. Kb2 Kc4 91. Kc2 b3+ 92. Kb2 Kb4 93. Kb1 Ka3 94. Ka1 b2+ 95. Kb1 Kb3 1/2-1/2

[Event "Hum na Sutli op 13th"]
[Site "Hum na Sutli"]
[Date "2019.08.24"]
[Round "1"]
[White "Slobodjanac, Sinisa"]
[Black "Zufic, Miroslav"]
[Result "0-1"]
[WhiteElo "1862"]
[BlackElo "2382"]
[PlyCount "54"]
[EventDate "2019.08.24"]
[EventType "swiss"]
[EventRounds "9"]
[EventCountry "CRO"]
[SourceTitle "EXT 2020"]
[Source "ChessBase"]
[SourceDate "2019.10.17"]
[SourceVersion "1"]
[SourceVersionDate "2019.10.17"]
[SourceQuality "1"]

1. b4 e5 2. Bb2 Bxb4 3. Bxe5 Nf6 4. c4 0-0 5. e3 Nc6 6. Bb2 d5 7. cxd5 Nxd5 8. Nf3 Re8 9. Be2 Be7 10. 0-0 Bf6 11. d4 Bf5 12. a3 Na5 13. Nbd2 c5 14. Nb3 Rc8 15. Nxa5 Qxa5 16. Qb3 Nb6 17. Rac1 c4 18. Qc3 Qxc3 19. Bxc3 Na4 20. Bd1 Nxc3 21. Rxc3 b5 22. Bc2 Bd7 23. Nd2 Bd8 24. Bb1 Ba5 25. Rfc1 Bxc3 26. Rxc3 a5 27. Rc1 c3 0-1

[Event "SSOBZ Cup Team 12th"]
[Site "Valpovo"]
[Date "2019.02.16"]
[Round "3.5"]
[White "Sos, Fran"]
[Black "Slobodjanac, Sinisa"]
[Result "0-1"]
[WhiteElo "2025"]
[BlackElo "1791"]
[PlyCount "96"]
[EventDate "2019.02.15"]
[EventType "team-swiss"]
[EventRounds "5"]
[EventCountry "CRO"]
[SourceTitle "CBM 189 Extra"]
[Source "ChessBase"]
[SourceDate "2019.06.03"]
[SourceVersion "1"]
[SourceVersionDate "2019.06.03"]
[SourceQuality "1"]
[WhiteTeam "Donji Miholjac"]
[BlackTeam "Osijek Mladost"]
[WhiteTeamCountry "CRO"]
[BlackTeamCountry "CRO"]

1. d4 Nf6 2. c4 g6 3. f3 d5 4. cxd5 Nxd5 5. e4 Nb6 6. Be3 Bg7 7. Nc3 Nc6 8. d5 Ne5 9. Bd4 0-0 10. Be2 g5 11. Qd2 e6 12. 0-0-0 exd5 13. exd5 Bf5 14. g4 Bg6 15. h4 f6 16. Bxe5 fxe5 17. hxg5 Qe7 18. Nh3 Qc5 19. Rhf1 Rad8 20. Nf2 Rxd5 21. Nd3 Qc6 22. Qc2 Rd4 23. Qb3+ Bf7 24. Qb5 Qg6 25. Ne4 a6 26. Qa5 Nc4 27. Qc3 Ne3 28. Nxe5 Rxd1+ 29. Rxd1 Nxd1 30. Bxd1 Qe6 31. f4 Qxa2 32. Nf6+ Bxf6 33. gxf6 Qa1+ 34. Kc2 Rd8 35. Be2 Qa4+ 36. Kb1 Ba2+ 37. Kc1 Qxf4+ 38. Kc2 Qxf6 39. b3 b5 40. Kb2 Re8 41. Kxa2 Qxe5 42. Bc4+ bxc4 43. Qxc4+ Kg7 44. Ka3 Qa5+ 45. Kb2 Qe5+ 46. Ka3 Qa1+ 47. Kb4 Rb8+ 48. Kc5 Qe5+ 0-1

[Event "Bosnjaci op 24th"]
[Site "Bosnjaci"]
[Date "2019.01.05"]
[Round "4"]
[White "Katic, Zeljko"]
[Black "Slobodjanac, Sinisa"]
[Result "1/2-1/2"]
[WhiteElo "2035"]
[BlackElo "1797"]
[PlyCount "94"]
[EventDate "2019.01.03"]
[EventType "swiss"]
[EventRounds "9"]
[EventCountry "CRO"]
[SourceTitle "CBM 188 Extra"]
[Source "ChessBase"]
[SourceDate "2019.02.26"]
[SourceVersion "1"]
[SourceVersionDate "2019.02.26"]
[SourceQuality "1"]

1. e4 b6 2. d4 Bb7 3. Nc3 e6 4. a3 Nf6 5. Bd3 c5 6. Nf3 cxd4 7. Nxd4 Nc6 8. Nf3 d6 9. Bg5 Be7 10. Qd2 h6 11. Bh4 Nxe4 12. Nxe4 Bxh4 13. 0-0-0 Be7 14. Bb5 Rc8 15. Nxd6+ Bxd6 16. Qxd6 Qxd6 17. Rxd6 Ke7 18. Rhd1 Rhd8 19. Bxc6 Bxc6 20. Rxd8 Rxd8 21. Rxd8 Kxd8 22. Ne1 Ke7 23. c4 Kd6 24. Kd2 g5 25. g3 e5 26. b4 a6 27. Nd3 Ke6 28. Nb2 b5 29. Kc3 f5 30. Nd3 bxc4 31. Nc5+ Kd5 32. Nxa6 f4 33. Nc5 e4 34. a4 h5 35. a5 e3 36. fxe3 fxg3 37. e4+ Ke5 38. hxg3 h4 39. Kxc4 hxg3 40. Nd3+ Kxe4 41. Ne1 Ke3 42. b5 g2 43. Nxg2+ Bxg2 44. a6 g4 45. Kc5 g3 46. b6 Bf3 47. b7 Bxb7 1/2-1/2

[Event "Bosnjaci op 23rd"]
[Site "Bosnjaci"]
[Date "2018.01.05"]
[Round "4"]
[White "Slobodjanac, Sinisa"]
[Black "Blazeka, Mihaela"]
[Result "0-1"]
[WhiteElo "1803"]
[BlackElo "1984"]
[PlyCount "70"]
[EventDate "2018.01.03"]
[EventType "swiss"]
[EventRounds "9"]
[EventCountry "CRO"]
[SourceTitle "CBM 182 Extra"]
[Source "ChessBase"]
[SourceDate "2018.02.23"]
[SourceVersion "1"]
[SourceVersionDate "2018.02.23"]
[SourceQuality "1"]

1. b4 e5 2. Bb2 Bxb4 3. Bxe5 Nf6 4. c4 Nc6 5. Bb2 0-0 6. Nf3 d5 7. cxd5 Nxd5 8. e3 Re8 9. Be2 Bg4 10. 0-0 Qd7 11. a3 Ba5 12. d4 Rad8 13. Nbd2 Nb6 14. Rc1 Be6 15. Bb5 a6 16. Ne5 Qd6 17. Nxc6 Bxd2 18. Qxd2 bxc6 19. Rxc6 Qd5 20. Rxb6 axb5 21. Ra6 Qg5 22. f4 Qf5 23. Rf3 Bc4 24. Ra5 Qb1+ 25. Qc1 Qd3 26. h3 Re6 27. Bc3 Rg6 28. Qd2 Qf5 29. Qf2 h5 30. Rg3 Rdd6 31. Ra8+ Kh7 32. Rg5 Rxg5 33. fxg5 Qxg5 34. Qf4 Qg6 35. Kh2 Bd5 0-1

[Event "Osijek op 10th"]
[Site "Osijek"]
[Date "2017.02.25"]
[Round "5"]
[White "Franc, Borna"]
[Black "Slobodjanac, Sinisa"]
[Result "1-0"]
[WhiteElo "1619"]
[BlackElo "1854"]
[PlyCount "147"]
[EventDate "2017.02.23"]
[EventType "swiss"]
[EventRounds "7"]
[EventCountry "CRO"]
[SourceTitle "EXT 2019"]
[Source "ChessBase"]
[SourceDate "2018.10.10"]
[SourceVersion "1"]
[SourceVersionDate "2018.10.10"]
[SourceQuality "1"]

1. e4 b6 2. Nf3 Bb7 3. Nc3 e6 4. d4 Bb4 5. Bd3 Nf6 6. Qe2 d5 7. exd5 Qxd5 8. 0-0 Bxc3 9. bxc3 0-0 10. c4 Qh5 11. Ne5 Qxe2 12. Bxe2 Nbd7 13. Nxd7 Nxd7 14. c3 Rac8 15. Be3 h6 16. Rfd1 Nf6 17. Rac1 Rfd8 18. f3 Ba6 19. Bf1 Kf8 20. a3 Rd7 21. Rd2 c5 22. Kf2 Ke8 23. h3 Rcd8 24. Rcd1 cxd4 25. cxd4 Rc8 26. Rc1 Ng8 27. Rdc2 Ne7 28. g4 Rdc7 29. Bd3 Rd7 30. Be2 f6 31. Ke1 g5 32. Kd2 Nc6 33. Kc3 Ke7 34. c5 Bxe2 35. Rxe2 bxc5 36. dxc5 e5 37. Rd2 Nd4 38. Bxd4 exd4+ 39. Kc4 d3 40. Rc3 Rdc7 41. Kd5 Rd8+ 42. Ke4 Rdc8 43. Rcxd3 Rxc5 44. Rd7+ Ke8 45. Rxa7 Re5+ 46. Kd3 Rd8+ 47. Kc2 Re3 48. Rxd8+ Kxd8 49. Rh7 Rxf3 50. Rxh6 Rxa3 51. Rxf6 Rxh3 52. Rg6 Rg3 53. Rxg5 Rf3 54. Kd2 Ke7 55. Ke2 Ra3 56. Rf5 Ke6 57. Kf2 Rb3 58. Rf3 Rb8 59. Kg3 Rh8 60. g5 Rh1 61. Kg4 Rh2 62. g6 Rh1 63. Kg5 Ke7 64. g7 Rg1+ 65. Kh6 Rh1+ 66. Kg6 Rg1+ 67. Kh7 Rh1+ 68. Kg8 Rh4 69. Re3+ Kd8 70. Kf7 Rf4+ 71. Kg6 Rg4+ 72. Kf6 Kd7 73. Rh3 Rg2 74. Rh5 1-0

[Event "Osijek op 10th"]
[Site "Osijek"]
[Date "2017.02.24"]
[Round "4"]
[White "Slobodjanac, Sinisa"]
[Black "Vukajlovic, Zorana"]
[Result "1/2-1/2"]
[WhiteElo "1854"]
[BlackElo "1709"]
[PlyCount "151"]
[EventDate "2017.02.23"]
[EventType "swiss"]
[EventRounds "7"]
[EventCountry "CRO"]
[SourceTitle "EXT 2019"]
[Source "ChessBase"]
[SourceDate "2018.10.10"]
[SourceVersion "1"]
[SourceVersionDate "2018.10.10"]
[SourceQuality "1"]

1. b4 e5 2. Bb2 Nf6 3. a3 d6 4. e3 Be7 5. c4 0-0 6. Nc3 Be6 7. Nf3 h6 8. Qc2 Nbd7 9. d4 exd4 10. Nxd4 Bg4 11. Nce2 Nb6 12. h3 Bd7 13. Ng3 d5 14. Ndf5 Nxc4 15. Bxc4 dxc4 16. Nxe7+ Qxe7 17. Qxc4 Be6 18. Qc3 Bc8 19. 0-0 Rd8 20. Rac1 c6 21. Rfd1 Ne8 22. Kh1 f6 23. Qc2 Nd6 24. Bd4 Be6 25. Bc5 Qc7 26. a4 a6 27. a5 Nc4 28. Ne2 Rxd1+ 29. Rxd1 Rd8 30. Nd4 Bf7 31. Kg1 Kh8 32. Qc3 Qe5 33. Re1 Re8 34. Ne2 Qxc3 35. Nxc3 Rd8 36. Bd4 Na3 37. Rc1 Bb3 38. Ne4 Nc2 39. Nc5 Nxd4 40. exd4 Ba2 41. Rd1 Rb8 42. f3 Bc4 43. Rc1 Bb5 44. Rc2 Kg8 45. Rd2 Bc4 46. Kf2 Kf7 47. f4 Ke7 48. f5 b6 49. axb6 Rxb6 50. Rd1 Rxb4 51. Ra1 Rb2+ 52. Kf3 Rd2 53. Re1+ Kf7 54. Ke3 Rxg2 55. Rb1 Bb5 56. Kf3 Rc2 57. Ne4 Ke7 58. Rg1 Kf8 59. Re1 Bc4 60. Nd6 Bd5+ 61. Kg3 Rc3+ 62. Kh4 Bf7 63. Ra1 Rd3 64. Nxf7 Kxf7 65. Rxa6 Rxd4+ 66. Kh5 c5 67. Ra7+ Kf8 68. Kg6 Rd5 69. Rc7 Rd3 70. Rc8+ Ke7 71. Rxc5 Rg3+ 72. Kh7 Kf8 73. Rc8+ Kf7 74. Rc7+ Kf8 75. Rc8+ Kf7 76. Rc7+ 1/2-1/2

[Event "Bosnjaci op 21st"]
[Site "Bosnjaci"]
[Date "2016.01.03"]
[Round "1"]
[White "Kovacevic, Blazimir"]
[Black "Slobodjanac, Sinisa"]
[Result "1-0"]
[WhiteElo "2488"]
[BlackElo "1855"]
[PlyCount "63"]
[EventDate "2016.01.03"]
[EventType "swiss"]
[EventRounds "9"]
[EventCountry "CRO"]
[SourceTitle "CBM 170 Extra"]
[Source "ChessBase"]
[SourceDate "2016.02.25"]
[SourceVersion "1"]
[SourceVersionDate "2016.02.25"]
[SourceQuality "1"]

1. d4 Nf6 2. c4 g6 3. Nc3 d5 4. e3 Bg7 5. Qb3 c6 6. Nf3 0-0 7. Be2 Ne4 8. 0-0 Nxc3 9. bxc3 dxc4 10. Bxc4 b5 11. Be2 Nd7 12. a4 bxa4 13. Qxa4 Qc7 14. Qa5 Nb6 15. Ba3 Re8 16. Bc5 Bf5 17. Nd2 Qd7 18. Bxb6 axb6 19. Qxa8 Rxa8 20. Rxa8+ Bf8 21. Rfa1 e5 22. R1a7 Qd6 23. Nc4 Qd5 24. Nxe5 Be6 25. h3 b5 26. c4 Qd6 27. cxb5 cxb5 28. Bxb5 Qb4 29. Be8 Qe1+ 30. Kh2 Bd6 31. Bxf7+ Kg7 32. Bxe6+ 1-0

[Event "Osijek op"]
[Site "Osijek"]
[Date "2015.03.07"]
[Round "6"]
[White "Slobodjanac, Sinisa"]
[Black "Rendulic, Dragan"]
[Result "1-0"]
[WhiteElo "1832"]
[BlackElo "1612"]
[PlyCount "77"]
[EventDate "2015.03.05"]
[EventType "swiss"]
[EventRounds "7"]
[EventCountry "CRO"]
[SourceTitle "CBM 165 Extra"]
[Source "ChessBase"]
[SourceDate "2015.04.21"]
[SourceVersion "1"]
[SourceVersionDate "2015.04.21"]
[SourceQuality "1"]

1. c4 Nf6 2. Nc3 g6 3. g3 Bg7 4. Bg2 0-0 5. e4 e5 6. Nf3 d6 7. 0-0 c5 8. h3 b6 9. d3 Bb7 10. Be3 h6 11. Qd2 Kh7 12. Kh2 Nc6 13. Ne2 Nd4 14. g4 Nxf3+ 15. Bxf3 g5 16. Ng3 Bc8 17. Rh1 Kg6 18. Nf5 Nh7 19. Kg2 f6 20. Rh2 Rh8 21. Rah1 Nf8 22. h4 Ne6 23. hxg5 fxg5 24. Qc3 Nf4+ 25. Bxf4 gxf4 26. Rh5 Bd7 27. Kf1 Be6 28. Ke2 a6 29. Qe1 b5 30. b3 Ra7 31. g5 hxg5 32. Nxg7 Rxh5 33. Nxh5 g4 34. Qg1 Qg5 35. Kd1 gxf3 36. Qh2 Rh7 37. Nxf4+ Qxf4 38. Qxh7+ Kg5 39. Qg7# 1-0